[Event "Regionalliga SW 1516"]
[Site "Bayern"]
[Date "2016.04.10"]
[Round "9.2"]
[White "Schuetz, Guenter"]
[Black "Wild, Rudolf"]
[Result "0-1"]
[WhiteElo "2027"]
[BlackElo "2176"]
[PlyCount "104"]
[EventDate "2015.10.11"]
[EventType "team-tourn"]
[EventRounds "9"]
[EventCountry "GER"]
[SourceTitle "EXT 2018"]
[Source "ChessBase"]
[SourceDate "2017.10.13"]
[SourceVersion "1"]
[SourceVersionDate "2017.10.13"]
[SourceQuality "1"]
[WhiteTeam "Bayern Muenchen III"]
[BlackTeam "Krumbach"]
[WhiteTeamCountry "GER"]
[BlackTeamCountry "GER"]

1. f4 d5 2. Nf3 c5 3. e3 Nf6 4. Be2 Nc6 5. 0-0 e6 6. d3 Be7 7. Qe1 0-0 8. a4 b6 9. Nc3 Nb4 10. Bd1 a6 11. Bd2 Bb7 12. Ne5 Nd7 13. Rc1 f6 14. Nxd7 Qxd7 15. e4 f5 16. exf5 exf5 17. Bf3 Bf6 18. Qg3 Rae8 19. Qh3 d4 20. Ne4 Nd5 21. a5 Bd8 22. axb6 Bxb6 23. Rfe1 h6 24. Bh5 Re7 25. Ng3 Ne3 26. Bxe3 dxe3 27. Ne2 Kh7 28. Bf3 Ba5 29. Rf1 Bd2 30. Ra1 Bc8 31. g3 Qc7 32. Nc3 Bxc3 33. bxc3 Rfe8 34. Rfb1 e2 35. Kf2 Qd6 36. Re1 Qf6 37. Rxe2 Rxe2+ 38. Bxe2 Qxc3 39. Ra2 Qd2 40. Qh5 Qe3+ 41. Kf1 Re7 42. c4 g6 43. Qh4 Bb7 44. g4 Qxf4+ 45. Qf2 Qc1+ 46. Qe1 Qxe1+ 47. Kxe1 Bf3 48. gxf5 gxf5 49. Kf2 Rxe2+ 50. Rxe2 Bxe2 51. Kxe2 Kg7 52. d4 Kf6 0-1

[Event "BL2-Ost 1213"]
[Site "Germany"]
[Date "2013.01.13"]
[Round "5.8"]
[White "Schuetz, Guenter"]
[Black "Werner, Holger"]
[Result "1-0"]
[WhiteElo "2223"]
[BlackElo "1953"]
[PlyCount "89"]
[EventDate "2012.10.14"]
[EventType "team-tourn"]
[EventRounds "9"]
[EventCountry "GER"]
[SourceTitle "CBM 154 Extra"]
[Source "ChessBase"]
[SourceDate "2013.06.25"]
[SourceVersion "2"]
[SourceVersionDate "2013.06.25"]
[SourceQuality "1"]
[WhiteTeam "Bayern Muenchen"]
[BlackTeam "Neutraubling Wacker"]
[WhiteTeamCountry "GER"]
[BlackTeamCountry "GER"]

1. f4 d5 2. Nf3 Nf6 3. g3 c5 4. Bg2 Nc6 5. d3 g6 6. 0-0 Bg7 7. Qe1 0-0 8. c3 Re8 9. Na3 b6 10. Rb1 a5 11. Bd2 Ba6 12. Nc2 Qc7 13. b4 axb4 14. cxb4 Bb7 15. a3 e5 16. bxc5 bxc5 17. fxe5 Ng4 18. Ne3 Nxe3 19. Bxe3 Nxe5 20. Nxe5 Bxe5 21. Qf2 Rxa3 22. Bxc5 Ra2 23. Bb6 Qe7 24. Bc5 Qc7 25. Bf3 Ba8 26. Bd4 Bxd4 27. Qxd4 Qe5 28. Rb4 Re7 29. Rc1 Kg7 30. Kf2 Qxd4+ 31. Rxd4 Kf6 32. Rb4 h5 33. h4 Re6 34. Rcb1 Rd6 35. R1b2 Rda6 36. Ke3 Ke5 37. d4+ Kd6 38. Rxa2 Rxa2 39. Kf4 f6 40. Rb8 Ra4 41. e3 Ra7 42. Rg8 g5+ 43. hxg5 fxg5+ 44. Rxg5 Rf7+ 45. Rf5 1-0

[Event "Landesliga Sued 1011"]
[Site "Bayern"]
[Date "2011.01.16"]
[Round "5.4"]
[White "Schuetz, Guenter"]
[Black "Lettl, Gerhard"]
[Result "1-0"]
[WhiteElo "2209"]
[BlackElo "2009"]
[PlyCount "120"]
[EventDate "2010.10.10"]
[EventType "team-tourn"]
[EventRounds "9"]
[EventCountry "GER"]
[SourceTitle "EXT 2012"]
[Source "ChessBase"]
[SourceDate "2011.11.24"]
[SourceVersion "1"]
[SourceVersionDate "2011.11.24"]
[SourceQuality "1"]
[WhiteTeam "Bayern Muenchen III"]
[BlackTeam "Tegernsee"]
[WhiteTeamCountry "GER"]
[BlackTeamCountry "GER"]

1. f4 d5 2. Nf3 c5 3. g3 Nc6 4. Bg2 Nf6 5. 0-0 g6 6. d3 Bg7 7. Qe1 0-0 8. c3 b6 9. Na3 Bb7 10. Rb1 d4 11. Bd2 Qd7 12. Nc2 Rad8 13. c4 Qc8 14. b4 cxb4 15. Nxb4 Nd7 16. a4 Rfe8 17. Qf2 Nxb4 18. Bxb4 Nb8 19. a5 Qc7 20. axb6 axb6 21. Bd2 Nc6 22. Rb2 Rb8 23. g4 e6 24. f5 exf5 25. gxf5 gxf5 26. Nh4 Ne7 27. Bf4 Be5 28. Bxe5 Qxe5 29. Bxb7 Rxb7 30. Qg2+ Qg7 31. Nxf5 Nxf5 32. Rxf5 Qxg2+ 33. Kxg2 Re6 34. Rd5 Rbe7 35. Kf1 Rf6+ 36. Ke1 Rf4 37. Rxb6 Rh4 38. Rg5+ Kf8 39. Rb8+ Re8 40. Rg8+ Kxg8 41. Rxe8+ Kg7 42. c5 Rh5 43. Rd8 Rxc5 44. Rxd4 Kg6 45. Rg4+ Kf6 46. Rh4 h5 47. Kd2 Kg5 48. Rc4 Ra5 49. h4+ Kf5 50. Ke3 Ra1 51. Rf4+ Ke6 52. Ke4 Ra5 53. Kf3 f5 54. Rb4 Ke5 55. e3 Ra1 56. Rb5+ Kf6 57. Rb6+ Kg7 58. Kf4 Rf1+ 59. Kg5 Rf3 60. Rb7+ Kg8 1-0

[Event "Regionalliga SW 0910"]
[Site "Bayern"]
[Date "2010.04.11"]
[Round "9.3"]
[White "Fantino, Rene"]
[Black "Schuetz, Guenter"]
[Result "0-1"]
[WhiteElo "1984"]
[BlackElo "2129"]
[PlyCount "88"]
[EventDate "2009.10.18"]
[EventType "team-tourn"]
[EventRounds "9"]
[EventCountry "GER"]
[SourceTitle "EXT 2011"]
[Source "ChessBase"]
[SourceDate "2010.11.26"]
[SourceVersion "1"]
[SourceVersionDate "2010.11.26"]
[SourceQuality "1"]
[WhiteTeam "Muenchen Schwabing"]
[BlackTeam "Bayern Muenchen III"]
[WhiteTeamCountry "GER"]
[BlackTeamCountry "GER"]

1. c4 f5 2. d4 d6 3. Nc3 Nf6 4. g3 g6 5. Nf3 Bg7 6. Bg2 0-0 7. 0-0 Qe8 8. Re1 a5 9. e4 fxe4 10. Nxe4 Nxe4 11. Rxe4 Bf5 12. Re1 Nc6 13. a3 Qf7 14. d5 Ne5 15. Nxe5 Bxe5 16. f4 Bf6 17. Be4 Bxe4 18. Rxe4 c6 19. Rb1 cxd5 20. cxd5 Rfc8 21. Be3 b5 22. Qd3 Rab8 23. Re6 Qg7 24. Bd2 Bxb2 25. Rbe1 Qd4+ 26. Qxd4 Bxd4+ 27. Kh1 b4 28. axb4 axb4 29. Rb1 b3 30. Rxe7 Rc2 31. Ba5 Bf2 32. Rc7 Bc5 33. Re7 Rb5 34. Bd8 b2 35. Ree1 Bf2 36. Red1 Be3 37. Bf6 Rc1 38. Bxb2 Rxd1+ 39. Rxd1 Rxb2 40. Rd3 Re2 41. Rb3 h5 42. h3 Kf7 43. g4 hxg4 44. hxg4 Bxf4 0-1

[Event "Regionalliga SW 0910"]
[Site "Bayern"]
[Date "2010.01.24"]
[Round "5.1"]
[White "Ruether, Rudolf"]
[Black "Schuetz, Guenter"]
[Result "1/2-1/2"]
[WhiteElo "2175"]
[BlackElo "2129"]
[PlyCount "133"]
[EventDate "2009.10.18"]
[EventType "team-tourn"]
[EventRounds "9"]
[EventCountry "GER"]
[SourceTitle "EXT 2011"]
[Source "ChessBase"]
[SourceDate "2010.11.26"]
[SourceVersion "1"]
[SourceVersionDate "2010.11.26"]
[SourceQuality "1"]
[WhiteTeam "Muenchen Siemens"]
[BlackTeam "Bayern Muenchen III"]
[WhiteTeamCountry "GER"]
[BlackTeamCountry "GER"]

1. d4 f5 2. Nf3 d6 3. g3 Nf6 4. Bg2 g6 5. 0-0 Bg7 6. b3 0-0 7. Bb2 Qe8 8. Nbd2 Nc6 9. Nc4 Ne4 10. e3 Qf7 11. Nfd2 Nxd2 12. Qxd2 Re8 13. Rad1 Rb8 14. Na5 Nd8 15. c4 e5 16. dxe5 Bxe5 17. Bxe5 dxe5 18. Qc3 e4 19. b4 Be6 20. Rc1 Qg7 21. f3 b6 22. Nb3 Qxc3 23. Rxc3 Nc6 24. a3 exf3 25. Bxf3 Ne5 26. Be2 Rbd8 27. Nd4 c5 28. Nb3 Rc8 29. bxc5 bxc5 30. Rd1 Kf7 31. Rd6 Re7 32. Ra6 Rb7 33. Kf2 Rcc7 34. e4 fxe4 35. Ke3 Nxc4+ 36. Bxc4 Bxc4 37. Rxc4 Rxb3+ 38. Kxe4 Rb2 39. h4 h5 40. Kd5 Rd2+ 41. Ke5 Rf2 42. Ra5 Rf3 43. Kd6 Re7 44. g4 Rd3+ 45. Kc6 Re6+ 46. Kb5 a6+ 47. Rxa6 Rb3+ 48. Ka4 Rxa3+ 49. Kxa3 Rxa6+ 50. Kb3 hxg4 51. Rxg4 Kf6 52. Rf4+ Ke5 53. Rg4 Rf6 54. Rg5+ Kd4 55. h5 c4+ 56. Kc2 Rf2+ 57. Kc1 gxh5 58. Rxh5 Rf3 59. Kc2 Rf2+ 60. Kc1 Kc3 61. Rh3+ Kb4 62. Rg3 Re2 63. Rh3 Ra2 64. Kb1 Rd2 65. Kc1 Rd4 66. Kc2 Rd5 67. Rh8 1/2-1/2

[Event "Regionalliga SW 0910"]
[Site "Bayern"]
[Date "2009.11.15"]
[Round "2.3"]
[White "Schuetz, Guenter"]
[Black "Rusche, Johannes"]
[Result "0-1"]
[WhiteElo "2129"]
[BlackElo "2175"]
[PlyCount "144"]
[EventDate "2009.10.18"]
[EventType "team-tourn"]
[EventRounds "9"]
[EventCountry "GER"]
[SourceTitle "EXT 2011"]
[Source "ChessBase"]
[SourceDate "2010.11.26"]
[SourceVersion "1"]
[SourceVersionDate "2010.11.26"]
[SourceQuality "1"]
[WhiteTeam "Bayern Muenchen III"]
[BlackTeam "Garching II"]
[WhiteTeamCountry "GER"]
[BlackTeamCountry "GER"]

1. f4 d5 2. d3 Bg4 3. Nd2 Qd6 4. g3 e5 5. fxe5 Qxe5 6. Bg2 Bc5 7. Ngf3 Qe7 8. c3 Nf6 9. d4 Bd6 10. 0-0 Nbd7 11. Re1 0-0 12. Qb3 Rab8 13. e4 dxe4 14. Ng5 h6 15. Ngxe4 Kh8 16. c4 c5 17. d5 Rfe8 18. Rf1 Be5 19. Kh1 b5 20. Qd3 Bd4 21. Nxf6 Nxf6 22. d6 Qe2 23. Qxe2 Bxe2 24. Bc6 Bxf1 25. Bxe8 Rxe8 26. Nxf1 Re1 27. Kg2 bxc4 28. Nd2 Re2+ 29. Kf1 Rxh2 30. Nxc4 Kg8 31. Rb1 Rc2 32. Nd2 Kf8 33. Ke1 Nd5 34. Nb3 Ke8 35. Bd2 Kd7 36. Nxd4 cxd4 37. Ke2 Rc6 38. Kd3 Rxd6 39. Rf1 f6 40. Kxd4 Nb6+ 41. Kc3 Na4+ 42. Kc2 Rc6+ 43. Kb1 a6 44. Rf3 Ke6 45. Re3+ Kd5 46. b3 Nc5 47. Kb2 Ne4 48. Rd3+ Ke6 49. Be1 h5 50. a4 g5 51. b4 f5 52. Rb3 Rc8 53. b5 Nc5 54. Re3+ Kd5 55. bxa6 Nxa4+ 56. Ka3 Nc5 57. a7 Ne4 58. Rb3 Ra8 59. Rb5+ Kd4 60. Ra5 Ke3 61. Kb3 Kf3 62. Kc4 Nxg3 63. Ra3+ Ke2 64. Bxg3 f4 65. Ra2+ Kf3 66. Be1 g4 67. Bb4 g3 68. Bc5 h4 69. Ra6 h3 70. Rh6 h2 71. Kd3 Rd8+ 72. Rd6 h1Q 0-1

[Event "Nuremberg LGA Cup 6th"]
[Site "Nuremberg"]
[Date "2009.09.03"]
[Round "1"]
[White "Schuetz, Guenter"]
[Black "Reichel, Guenther"]
[Result "1-0"]
[WhiteElo "2238"]
[BlackElo "1673"]
[PlyCount "71"]
[EventDate "2009.09.03"]
[EventType "swiss"]
[EventRounds "7"]
[EventCountry "GER"]
[SourceTitle "CBM 132 Extra"]
[Source "ChessBase"]
[SourceDate "2009.11.03"]
[SourceVersion "1"]
[SourceVersionDate "2009.11.03"]
[SourceQuality "1"]

1. f4 c5 2. Nf3 Nc6 3. g3 Nf6 4. Bg2 g6 5. 0-0 Bg7 6. d3 0-0 7. Qe1 d6 8. Nc3 Bg4 9. e4 Qc8 10. Qf2 Bh3 11. e5 Bxg2 12. exf6 Bxf1 13. fxg7 Kxg7 14. Kxf1 Re8 15. Bd2 Nb4 16. Ne4 f6 17. Bc3 Nd5 18. Be1 Qc6 19. c4 Nc7 20. Bc3 b5 21. b3 bxc4 22. bxc4 Rab8 23. Re1 e5 24. Kg1 Rb7 25. Nxf6 Kxf6 26. fxe5+ Ke6 27. exd6+ Kxd6 28. Ne5 Qa4 29. Qf6+ Ne6 30. Nf7+ Kd7 31. Rxe6 Rxe6 32. Qd8+ Kc6 33. Qc8+ Rc7 34. Qxe6+ Kb7 35. Nd6+ Ka8 36. Qg8+ 1-0

[Event "Landesliga Sued 0809"]
[Site "Bayern"]
[Date "2009.03.01"]
[Round "7.5"]
[White "Beck, Alexander1111"]
[Black "Schuetz, Guenter"]
[Result "1/2-1/2"]
[WhiteElo "2065"]
[BlackElo "2167"]
[PlyCount "136"]
[EventDate "2008.10.05"]
[EventType "team-tourn"]
[EventRounds "9"]
[EventCountry "GER"]
[SourceTitle "EXT 2020"]
[Source "ChessBase"]
[SourceDate "2019.10.17"]
[SourceVersion "1"]
[SourceVersionDate "2019.10.17"]
[SourceQuality "1"]
[WhiteTeam "Muenchen Zugzwang"]
[BlackTeam "Bayern Muenchen III"]
[WhiteTeamCountry "GER"]
[BlackTeamCountry "GER"]

1. d4 f5 2. Nf3 d6 3. c4 Nf6 4. Nc3 g6 5. g3 Bg7 6. Bg2 0-0 7. 0-0 Qe8 8. b3 Na6 9. Bb2 c6 10. e3 Bd7 11. Qe2 Rb8 12. a4 Nc7 13. a5 Ne6 14. Ne1 g5 15. Nd3 Qg6 16. f4 gxf4 17. Nxf4 Nxf4 18. exf4 Rbe8 19. Qd3 Ng4 20. Rae1 Qh6 21. h3 Nf6 22. Re2 Nh5 23. Kh2 Kh8 24. Bf3 Bf6 25. Bxh5 Qxh5 26. Nd1 Rg8 27. Rfe1 Rg7 28. Bc3 Reg8 29. Re3 Qf7 30. d5 cxd5 31. cxd5 Rc8 32. Bd4 a6 33. Nc3 h5 34. h4 Kh7 35. Rd1 Qg6 36. Bxf6 Qxf6 37. Qd4 Kg6 38. Kg2 Rgg8 39. Kf2 Rc7 40. Ke2 Rgc8 41. Qxf6+ Kxf6 42. Kd2 Rc5 43. Rde1 Re8 44. Ra1 e5 45. dxe6 Rxe6 46. Rd3 Bc6 47. Rd4 Be4 48. Raa4 Bf3 49. Rd3 Bc6 50. Ra1 d5 51. Rd4 Rd6 52. Kc2 Bb5 53. Re1 Rdc6 54. Re3 Bf1 55. Kb2 Bg2 56. b4 Rc4 57. Nxd5+ Bxd5 58. Rxd5 Rxb4+ 59. Rb3 Rxb3+ 60. Kxb3 b5 61. axb6 Rxb6+ 62. Kc3 Re6 63. Kd2 Rb6 64. Ke3 Rb3+ 65. Kf2 Ra3 66. Rd6+ Kg7 67. Rd7+ Kg6 68. Rd6+ Kg7 1/2-1/2

[Event "Bundesliga 0809"]
[Site "Germany"]
[Date "2008.12.13"]
[Round "8.8"]
[White "Schuetz, Guenter"]
[Black "Zumsande, Martin"]
[Result "1/2-1/2"]
[WhiteElo "2257"]
[BlackElo "2411"]
[PlyCount "115"]
[EventDate "2008.10.03"]
[EventType "team-tourn"]
[EventRounds "15"]
[EventCountry "GER"]
[SourceTitle "CBM 127 Extra"]
[Source "ChessBase"]
[SourceDate "2009.01.08"]
[SourceVersion "2"]
[SourceVersionDate "2009.01.28"]
[SourceQuality "1"]
[WhiteTeam "Bayern Muenchen "]
[BlackTeam "Emsdetten"]
[WhiteTeamCountry "GER"]
[BlackTeamCountry "GER"]

1. f4 d5 2. Nf3 Nf6 3. g3 c5 4. Bg2 Nc6 5. 0-0 Qc7 6. d3 e6 7. Qe1 Be7 8. e4 dxe4 9. dxe4 b5 10. e5 Nd5 11. Qe4 g6 12. Na3 Ba6 13. c4 bxc4 14. Nxc4 Rd8 15. Bd2 0-0 16. Rfd1 Nb6 17. Nxb6 axb6 18. Bc3 Nb4 19. Ne1 c4 20. a3 Nd3 21. Nxd3 Rxd3 22. Rxd3 cxd3 23. Bf3 Rd8 24. Kg2 Bc4 25. Rd1 b5 26. Qc6 Qa7 27. Qb7 Qxb7 28. Bxb7 Bc5 29. Kf3 h5 30. h4 Kf8 31. Be4 Rd7 32. Bc6 Rc7 33. Be4 Rd7 34. Bb4 Bxb4 35. axb4 Ra7 36. Bxd3 Bxd3 37. Rxd3 Ra4 38. Rb3 Ke7 39. Ke3 Kd7 40. Kd4 Kc6 41. Kc3 Ra1 42. Ra3 Rg1 43. Kd4 Kb6 44. Rc3 Rg2 45. b3 Rd2+ 46. Ke3 Rd1 47. Ke4 Re1+ 48. Kf3 Rf1+ 49. Ke2 Rb1 50. Rd3 Kc7 51. Kd2 Rg1 52. Kc3 Rg2 53. Kd4 Kc6 54. Rc3+ Kb6 55. Ke4 Rg1 56. Re3 Kc6 57. Kf3 Rf1+ 58. Ke4 1/2-1/2

[Event "Nuremberg LGA Cup 5th"]
[Site "Nuremberg"]
[Date "2008.09.06"]
[Round "4"]
[White "Bachmann, Axel"]
[Black "Schuetz, Guenter"]
[Result "1-0"]
[WhiteElo "2511"]
[BlackElo "2248"]
[PlyCount "87"]
[EventDate "2008.09.04"]
[EventType "swiss"]
[EventRounds "7"]
[EventCountry "GER"]
[SourceTitle "CBM 126 Extra"]
[Source "ChessBase"]
[SourceDate "2008.11.05"]
[SourceVersion "1"]
[SourceVersionDate "2008.11.05"]
[SourceQuality "1"]

1. e4 c5 2. Nc3 Nc6 3. Bb5 g6 4. Bxc6 dxc6 5. d3 Bg7 6. Be3 b6 7. f4 e5 8. Nf3 Bg4 9. h3 Bxf3 10. Qxf3 Qc7 11. 0-0 Ne7 12. fxe5 0-0 13. Bf4 Bxe5 14. Bh6 Bg7 15. Bxg7 Kxg7 16. Qf6+ Kg8 17. Rf2 Rae8 18. Raf1 Nc8 19. Nd1 Qd6 20. Ne3 Qxf6 21. Rxf6 Re6 22. Nc4 Kg7 23. e5 Re7 24. Rxc6 b5 25. Nd6 Nxd6 26. exd6 Re5 27. c4 Re3 28. Rxc5 Rxd3 29. Rxb5 Rxd6 30. Rb7 Ra6 31. a3 Rb6 32. Rxb6 axb6 33. Rd1 Rb8 34. Rd6 Kf8 35. Rc6 Ke7 36. b4 Ra8 37. Rxb6 Rxa3 38. c5 Rc3 39. c6 Kd6 40. b5 Ke5 41. Rb7 f5 42. c7 f4 43. b6 f3 44. Rb8 1-0